| 000 | 00949nam a2200289 a 4500 | ||
|---|---|---|---|
| 001 | |||
| 003 | DO-SdBNP | ||
| 005 | 20210511104845.0 | ||
| 007 | |||
| 008 | 100201s2019 dr 000 j spa d | ||
| 020 | _a9789945503661 | ||
| 040 |
_aBPMSU _bspa _cBPMSU |
||
| 082 |
_aRD863.44 _bB742m 2019 _222 |
||
| 100 |
_aBosch, Juan _d1909-2001. _91 |
||
| 245 | 1 | 3 |
_aLa mañosa / _c Juan Bosch ; prólogo de Jorge Urrutia _b |
| 260 |
_aSanto Domingo : _b Ministerio de Cultura ; _bEditora Nacional _c2019 |
||
| 300 |
_a194 p. ; _c20 cm. |
||
| 490 | 0 |
_aBiblioteca dominicana básica ; _anarrativa |
|
| 500 | _3Incluye datos biográficos del autor en la solapa de la cubierta | ||
| 504 | _aIncluye referencias bibliográficas y notas al pie de las páginas | ||
| 590 | _6Inventariado, 2021/VM | ||
| 650 | 4 | _aNovela dominicana | |
| 650 | 4 | _aLiteratura dominicana | |
| 700 | 1 |
_a Urrutia, Jorge _epról. |
|
| 910 | _aVMateo | ||
| 942 |
_2ddc _cBK |
||
| 999 |
_c13475 _d13475 |
||